Looking at me- Sabrina Carpenter lyrics - Statistics

General Stats
  • This quiz has been taken 37 times
  • The average score is 356 of 415
Answer Stats
Answer % Correct
a
100%
at
100%
don’t
100%
I
100%
(I
100%
look
100%
looking
100%
(looking
100%
me
100%
me,
100%
me)
100%
the
100%
they
100%
you
100%
you,
100%
your
100%
Oh
96%
oh,
96%
oh
96%
to
96%
can
92%
feet
92%
if
92%
know
92%
know)
92%
when
92%
an
88%
and
88%
be
88%
I’m
88%
it
88%
move
88%
never
88%
Never
88%
there
88%
There
88%
think
88%
yeah
88%
yeah,
88%
(yeah)
88%
attention ?
83%
been
83%
catch
83%
did
83%
eyes
83%
honey
83%
I’ll
83%
like
83%
no,
83%
no
83%
(no,
83%
no)
83%
on)
83%
stand
83%
take
83%
they’re
83%
(they’re
83%
try
83%
(try
83%
all
79%
here
79%
it’s
79%
Just
79%
just
79%
once
79%
once,
79%
or
79%
staring,
79%
baby
75%
breath
75%
’cause
75%
easy
75%
for
75%
I’ve
75%
(I’ve
75%
lead
75%
lead)
75%
lost
75%
make
75%
my
75%
teach
75%
that
75%
twice
75%
twice,
75%
worry
75%
ain’t
71%
’bout
71%
can’t
71%
come
71%
(come
71%
even
71%
in
71%
nice
71%
things
71%
wanna
71%
what
71%
are
67%
but
67%
could
67%
gon’
67%
with
67%
broken
63%
head
63%
lips
63%
room,
63%
room
63%
show,
63%
teacher,
63%
attitude
58%
babe)
58%
babe
58%
I’ma
58%
(I’ma
58%
leave
58%
new
58%
rodeo
58%
up
58%
circle
54%
give
54%
necks
54%
steal
54%
twist
54%
any
50%
behind,
50%
bull
50%
owl,
50%
whole
50%
would
50%
yes,
50%
bring
46%
green
46%
overdose
46%
takin’
46%
tonight
46%
where
46%
now)
42%
soles
42%
young
38%
(hey)
17%
No matching quizzes found
Score Distribution
Percent of People with Each Score
Percentile by Number Answered
Your Score History
You have not taken this quiz